|
|
|
|
| LEADER |
00000nam a22000007a 4500 |
| 005 |
20200602143212.0 |
| 007 |
cr|||| |||| |
| 008 |
200602s2019 br |||||s|||| 00||0 por d |
| 020 |
|
|
|a 978-85-9597-040-3
|
| 035 |
|
|
|a 31654
|
| 040 |
|
|
|a vLex
|
| 090 |
|
|
|c 10487
|d 10487
|
| 100 |
1 |
|
|a Leal, Fernando
|
| 245 |
1 |
0 |
|a Transformaė̳s do direito administrativo
|h [Recurso electrn̤ico] :
|b liberdades econm̥icas e regulaȯ̂ /
|c Fernando Leal, Jos ̌Vicente Santos de Mendonȧ
|
| 256 |
|
|
|a Servicio en ln̕ea
|
| 260 |
|
|
|a Ro̕ de Janeiro:
|b FGV - Direito Rio,
|c 2019
|
| 300 |
|
|
|a 1 recurso electrn̤ico
|
| 500 |
|
|
|a O fio condutor do IV Seminr̀io de Integraȯ̂ entre os Programas de Ps̤-Graduaȯ̂ stricto sensu da FGV Direito Rio e da Faculdade de Direito da UERJ foi o mote das transformaė̳s no Direito Administrativo, com n̊fase nas interaė̳s entre liberdades econm̥icas e regulaȯ̂. O tema proposto se inspira na recente promulgaȯ̂ da lei 13.874/19, que, entre outros assuntos, institui a Declaraȯ̂ de Direitos de Liberdade Econm̥ica e estabelece garantias de livre mercado. A partir desta proposta, surgiram os onze artigos selecionados para publicaȯ̂ nesta obra.
|
| 506 |
1 |
|
|a Disponible solo en los productos indicados
|d vLex Global
|d vLex Global (Academic Edition, excluding Law Schools)
|d vLex Global (U.S. Academic Edition, Law Schools)
|d vLex Global (U.S. Academic Edition, excluding Law Schools)
|d vLex Global (Academic Edition, Law Schools)
|
| 650 |
0 |
4 |
|a Derecho Pb︢lico y Administrativo
|z Brasil
|
| 700 |
1 |
|
|a Santos de Mendonȧ, Jos ̌Vicente
|
| 740 |
0 |
|
|a vLex Libros (Servicio en ln̕ea)
|
| 856 |
4 |
0 |
|u http://vlex.com/source/transforma-es-do-direito-administrativo-liberdades-econ-micas-e-regula-o-31654
|z Acceso restringido
|
| 942 |
|
|
|c BOOK
|
| 999 |
0 |
|
|a Public and Administrative Law
|